| 000 | 00658nam a2200253 a 4500 | ||
|---|---|---|---|
| 003 | AR-BaBNM | ||
| 005 | 20251128203208.0 | ||
| 008 | 082120s2002 ||||||||||||||000 | spa|| | ||
| 040 | _cAR-BaBNM | ||
| 100 | 1 | _aFigueiredo, Guilherme | |
| 245 | 0 | 0 |
_aLa zorra y las uvas _bcomedia en tres actos |
| 260 |
_aBuenos Aires _bLosange _c1955 |
||
| 300 |
_a75 p. _bil. |
||
| 490 | 0 |
_aTeatral _vv. 19 |
|
| 650 | 4 | _aTEATRO | |
| 650 | 4 | _aFABULAS | |
| 653 | _aLITERATURA BRASILEÑA | ||
| 653 | _aINFLUENCIA CLASICA | ||
| 655 | _aLITERATURA | ||
| 700 | 1 |
_aBorras, Eduardo _etraductor |
|
| 800 | 1 |
_aSabsay, Fernando L. _edirector |
|
| 942 | _cBK | ||
| 998 | _cMARTIN | ||
| 999 |
_c2328 _d2328 |
||